| 000 | 00721nam a2200229 i 4500 | ||
|---|---|---|---|
| 001 | 148465 | ||
| 003 | ES-MaACL | ||
| 005 | 20230906202643.0 | ||
| 007 | t| | ||
| 008 | 070214s1950 ag r ||||1| spa d | ||
| 080 | _a821.111(73)-31"19" | ||
| 100 | 1 |
_aSteinbeck, John ( _d1902-1968) _9108042 |
|
| 245 | 1 | 3 |
_aLa fuerza bruta _b: (`de ratones y hombres`) / _cJohn Steinbeck ; traducción de Román A. Jiménez. |
| 250 | _a4ª. ed. | ||
| 260 |
_aBuenos Aires : _bEditorial Sudamericana, _c1950. |
||
| 300 |
_a172 p. ; _c19 cm. |
||
| 490 | 1 | _aColección horizonte | |
| 700 | 1 |
_aJiménez, Román A. _966438 |
|
| 830 | 0 |
_aColección horizonte _9189033 |
|
| 852 |
_aES-MaACL _jD-5793 _bR.30427 |
||
| 999 |
_c148465 _d148465 |
||